000 00435nam a2200193Ia 4500
005 20240823013518.0
008 240823s9999||||xx |||||||||||||| ||und||
020 _a81-7366-174-X
041 _aENGLISH
082 _A004.62 P1
100 _a"Wilcox,Mark"
245 0 _aImplementing LDAP
250 _a1st
260 _c2001
_b"SPD,M"
500 _aYES
650 _aNetworks
_bComputer Science
942 _cBK
999 _c167458
_d167458